Lí luận văn học T3 Tiến trình văn học

Bewaard in:
Bibliografische gegevens
Hoofdauteur: Phương Lựu
Formaat: Boek
Gepubliceerd in: Hà Nội Đại học Sư Phạm 2011
Editie:In lần thứ tư
Onderwerpen:
Tags: Voeg label toe
Geen labels, Wees de eerste die dit record labelt!
Thư viện lưu trữ: Trung tâm Học liệu Lê Vũ Hùng, Trường Đại học Đồng Tháp
LEADER 00706pam a22001938a 4500
001 00037703
005 20180911100957.0
008 170513s2011 ||||||Viesd
041 0 # |a Vie 
082 1 # |a 807  |b L330L 
100 0 # |a Phương Lựu 
245 0 0 |a Lí luận văn học  |c Phương Lựu (chủ biên), La Khắc Hòa, Trần Mạnh Tiến  |n T3  |n Tiến trình văn học 
250 # # |a In lần thứ tư 
260 # # |a Hà Nội  |b Đại học Sư Phạm  |c 2011 
300 # # |a 334tr. 
653 # # |a Lí luận văn học T3 
852 # # |b Kho đọc  |j KD.1000376 
910 |d 13/05/2017 
980 # # |a Trung tâm Học liệu Lê Vũ Hùng, Trường Đại học Đồng Tháp